000 00296nam a22001337a 4500
999 _c58098
_d58095
020 _a9789350145920
082 _a526.9SON
100 _aSoni, Saurabh Kumar
245 _aSurveying 1
260 _aNew Delhi:
_bKataria and Sons,
_c2016.
300 _a363p. ;
650 _aSurveying
942 _cBK